00306nam a2200121Ia 4500008004100000041000800041100002000049245002900069260002900098300000900127520003200136650001600168230818s1999 xx 000 0 und d aeng aTownsend / Roth aNutrition & Diet Therapy bDelmar pub. Bestanc1999 a480p aHard Board | Reference Copy aFood Safety